Normal view
MARC view
- Shah, Safiullah
Entry Personal Name
001 - CONTROL NUMBER
- control field: 124645
003 - CONTROL NUMBER IDENTIFIER
- control field: NUST
005 - DATE AND TIME OF LATEST TRANSACTION
- control field: 20240720120953.0
008 - FIXED-LENGTH DATA ELEMENTS
- fixed length control field: 240720|| aca||aabn | a|a d
040 ## - CATALOGING SOURCE
- Original cataloging agency: NUST
- Transcribing agency: NUST
100 ## - HEADING--PERSONAL NAME
- Personal name: Shah, Safiullah
670 ## - SOURCE DATA FOUND
- Source citation: Work cat.: (NUST): Shah, Safiullah , Android Data Recovery Tool /, 2024
